000 00847nam a2200217 a 4500
001 000028212
005 20240409073641.0
008 110407t1957 dr c 000 0dspa d
040 _aDO-SdBNP
_bspa
_cBNPHU
082 _aF-RD 90
245 0 0 _aHomenaje de los estudiantes universitarios al generalísimo Trujillo.
260 _aCiudad Trujillo :
_bDel Caribe,
_c1957.
300 _a56 p. :
_bretrs. ;
_c22 cm.
490 1 _aPublicaciones de la Universidad de Santo Domingo
_v108
600 1 0 _aTrujillo Molina, Rafael Leónidas,
_d 1891-1961
_976764
650 4 _aActividad política estudiantil
_zRepública Dominicana
_xHistoria
_955207
650 4 _aUniversidades
_zRepública Dominicana
_xHistoria
_97145
830 0 _aPublicaciones de la Universidad de Santo Domingo
_n108
_955208
910 _aValidado. Control de calidad EMS.
049 _aBNPD
999 _c27704
_d27704